000 00406nam a22001697a 4500
003 CEME
005 20210628203558.0
008 210201b xxu||||| |||| 00| 0 eng d
040 _c.
082 _a891.4393 TAR
100 _aTariq Ismail Sagar
_99439
245 _aMain aik jasoos tha
260 _aLAHORE
_bSANG-E-MEEL
_c2000
300 _a318P
650 _aURDU ADAB-NOVEL
_920918
942 _cBK
_2ddc
999 _c574337
_d574337